Fire safety in Historic dwellings in Bath - Pt 1 (Record no. 10203)

MARC details
000 -LEADER
fixed length control field 00893cab a2200265 4500
001 - CONTROL NUMBER
control field ABS55296
008 - FIXED-LENGTH DATA ELEMENTS--GENERAL INFORMATION
fixed length control field 090401t1996 xxu||||| |||| 00| 0 eng d
035 ## - SYSTEM CONTROL NUMBER
System control number (Sirsi) u15542
041 ## - LANGUAGE CODE
Language code of text/sound track or separate title eng
100 ## - MAIN ENTRY--PERSONAL NAME
Personal name Norris, P
245 ## - TITLE STATEMENT
Title Fire safety in Historic dwellings in Bath - Pt 1
260 ## - PUBLICATION, DISTRIBUTION, ETC.
Date of publication, distribution, etc. 1996
350 ## - PRICE (NR) (BK AM CF MU VM SE) [OBSOLETE]
Price 0
490 ## - SERIES STATEMENT
Series statement Building Engineer
Volume/sequential designation 71(5) June 1996, 10-12(3)
520 ## - SUMMARY, ETC.
Summary, etc. A paper on fire-safety in Bath and the problems posed by the large number of Grade 1 listed buildings. Covers the upgrading of existing elements, mixed-use buildings and flat conversions. Diagrams.
650 ## - SUBJECT ADDED ENTRY--TOPICAL TERM
Topical term or geographic name entry element BATH
650 ## - SUBJECT ADDED ENTRY--TOPICAL TERM
Topical term or geographic name entry element BUILDING REGULATIONS 1991
650 ## - SUBJECT ADDED ENTRY--TOPICAL TERM
Topical term or geographic name entry element MANAGEMENT-HEALTH AND SAFETY-FIRE SAFETY
650 ## - SUBJECT ADDED ENTRY--TOPICAL TERM
Topical term or geographic name entry element LISTED BUILDINGS
690 ## - LOCAL SUBJECT ADDED ENTRY--TOPICAL TERM (OCLC, RLIN)
Topical term or geographic name as entry element BUILT ENVIRONMENT-BUILDING STANDARDS
700 ## - ADDED ENTRY--PERSONAL NAME
Personal name Gardner, J.
700 ## - ADDED ENTRY--PERSONAL NAME
Personal name Davidson, M.
942 ## - ADDED ENTRY ELEMENTS (KOHA)
Suppress in OPAC 0
948 ## - LOCAL PROCESSING INFORMATION (OCLC); SERIES PART DESIGNATOR (RLIN)
c (OCLC) 04/03/1997
Holdings
Withdrawn status Lost status Source of classification or shelving scheme Damaged status Not for loan Home library Current library Shelving location Date acquired Total Checkouts Full call number Barcode Date last seen Copy number Price effective from Koha item type
    Dewey Decimal Classification     London London Journal article 14/09/1999   ABS55296 15542-1001 06/08/2019 1 06/08/2019 Journal article